Művészet és gondolkodás van-e létre tekintettel levő gondolkodás? /

Elmentve itt :
Bibliográfiai részletek
Szerző: Bacsó Béla
Dokumentumtípus: Cikk
Megjelent: Pompeji Alapítvány Szeged 1990
Sorozat:Pompeji
Kulcsszavak:Filozófia
Tárgyszavak:
Online Access:http://acta.bibl.u-szeged.hu/8960
LEADER 00726nab a2200205 i 4500
001 acta8960
005 20250526081728.0
008 161015s1990 hu o 000 hun d
022 |a 0865-5553 
040 |a SZTE Egyetemi Kiadványok Repozitórium  |b hun 
041 |a hun 
100 1 |a Bacsó Béla 
245 1 0 |a Művészet és gondolkodás   |h [elektronikus dokumentum] :  |b van-e létre tekintettel levő gondolkodás? /  |c  Bacsó Béla 
260 |a Pompeji Alapítvány  |b Szeged  |c 1990 
300 |a 91-98 
490 0 |a Pompeji 
650 4 |a Bölcsészettudományok 
650 4 |a Filozófia, etika és vallástudományok 
695 |a Filozófia 
856 4 0 |u http://acta.bibl.u-szeged.hu/8960/1/pompeji_1990_003_091-098.pdf  |z Dokumentum-elérés